| 000 | 00715cab a22001935a 4500 | ||
|---|---|---|---|
| 001 | L145490 | ||
| 008 | 081015e20081010xxko f 000 0 eng d | ||
| 035 | _a(Sirsi) u145490 | ||
| 041 | 0 | _aeng | |
| 100 | 1 | _aKeating, Eoin | |
| 245 | 0 | 0 |
_aHome truths _binterior finishes |
| 260 | _c2008 | ||
| 490 | 0 |
_aBuilding _v273 (8550) 10 October 2008, 95 (1) |
|
| 520 | _aDiscusses the challenges faced by architects when choosing interior finishes. Shows that they have to take into account factors such as affordability, durability and the wishes of the market. | ||
| 590 | _aKA | ||
| 651 | 4 |
_aUnited Kingdom _y |
|
| 690 | _aBUILT ENVIRONMENT-BUILDING ELEMENTS-PARTS OF BUILDING ELEMENTS-INTERNAL FINISHES | ||
| 942 | _n0 | ||
| 999 |
_c80834 _d80834 |
||